Úvodní kapitoly k daňové teorii : daňová soustava ČR /

Hlavní autor: Puchinger, Zdeněk
Korporativní autor: Univerzita Palackého. Filozofická fakulta
Jazyk: Čeština
Vydáno: Olomouc : Univerzita Palackého, 2006
Vydání: 1. vyd.
Edice: Skripta
Témata:
Externí odkaz: Digitalizovaný dokument
Fyzický popis: 156 s. : formuláře ; 29 cm
Knihy
Uloženo v:
LEADER 02166nam a2200541 a 4500
001 nkc20061654869
003 CZ PrNK
005 20060829162228.0
007 ta
008 060512s2006 xr k e p 000 0 cze
015 |a cnb001654869 
020 |a 80-244-1298-5  |q (brož.) :  |c neprodejné 
035 |a (OCoLC)85549093 
040 |a BOA001  |b cze  |d OLA001  |d ABA001 
043 |a e-xr--- 
072 7 |a 336.1/.5  |x Veřejné finance  |2 Konspekt  |9 4 
072 7 |a 37.016  |x Učební osnovy. Vyučovací předměty. Učebnice  |2 Konspekt  |9 22 
080 |a 336.22  |2 MRF 
080 |a 336.22.01  |2 MRF 
080 |a 336.221.4  |2 MRF 
080 |a (437.3)  |2 MRF 
080 |a (075.8)  |2 MRF 
100 1 |a Puchinger, Zdeněk  |7 ola20040624005  |4 aut 
245 1 0 |a Úvodní kapitoly k daňové teorii :  |b daňová soustava ČR /  |c Zdeněk Puchinger 
250 |a 1. vyd. 
260 |a Olomouc :  |b Univerzita Palackého,  |c 2006 
300 |a 156 s. :  |b formuláře ;  |c 29 cm 
490 1 |a Skripta 
500 |a Nad názvem: Univerzita Palackého v Olomouci, Filozofická fakulta 
504 |a Obsahuje bibliografii 
521 8 |a Určeno pro studenty neekonomických fakult VŠ a veřejnost v rámci celoživotního vzdělávání 
650 0 7 |a daně  |7 ph114293  |z Česko  |2 czenas 
650 0 7 |a daňové teorie  |7 ph137569  |2 czenas 
650 0 7 |a daňové systémy  |7 ph119347  |z Česko  |2 czenas 
650 0 9 |a taxation  |z Czechia  |2 eczenas 
650 0 9 |a tax theory  |2 eczenas 
650 0 9 |a tax systems  |z Czechia  |2 eczenas 
655 7 |a učebnice vysokých škol  |7 fd133772  |2 czenas 
655 9 |a textbooks (higher)  |2 eczenas 
710 2 |a Univerzita Palackého.  |b Filozofická fakulta  |7 kn20010709373 
810 2 |a Univerzita Palackého.  |t Skripta  |0 s 
856 4 1 |u http://www.digitalniknihovna.cz/mzk/uuid/uuid:dc405a10-9a21-11e3-8e84-005056827e51  |y Digitalizovaný dokument  |x NDK 
910 2 |a BOA001  |b 3-1170.345 
990 |a BK 
995 |a 01 
991 |b 200606  |c NOV 
996 6 |b 2610282847  |c 3-1170.345  |l MZK  |r Sklad / do 1 hodiny  |n 13  |p p.v.  |w 000818631  |u 000010  |a 1  |e BOA001  |j MZK50  |s P 
996 7 |b 2610282848  |c 3-1170.345  |l MZK  |r Sklad / do 1 hodiny  |n 49  |p dar  |w 000818631  |u 000020  |a 1  |e BOA001  |j MZK50  |s A